<?xml version="1.0" encoding="UTF-8"?><?xml-stylesheet type="text/xsl" href="static/style.xsl"?><OAI-PMH xmlns="http://www.openarchives.org/OAI/2.0/" xmlns:xsi="http://www.w3.org/2001/XMLSchema-instance" xsi:schemaLocation="http://www.openarchives.org/OAI/2.0/ http://www.openarchives.org/OAI/2.0/OAI-PMH.xsd"><responseDate>2026-04-18T06:16:08Z</responseDate><request verb="GetRecord" identifier="oai:www.recercat.cat:10230/70244" metadataPrefix="marc">https://recercat.cat/oai/request</request><GetRecord><record><header><identifier>oai:recercat.cat:10230/70244</identifier><datestamp>2025-05-02T03:00:23Z</datestamp><setSpec>com_2072_6</setSpec><setSpec>col_2072_452953</setSpec></header><metadata><record xmlns="http://www.loc.gov/MARC21/slim" xmlns:dcterms="http://purl.org/dc/terms/" xmlns:xsi="http://www.w3.org/2001/XMLSchema-instance" xmlns:doc="http://www.lyncode.com/xoai" xsi:schemaLocation="http://www.loc.gov/MARC21/slim http://www.loc.gov/standards/marcxml/schema/MARC21slim.xsd">
   <leader>00925njm 22002777a 4500</leader>
   <datafield ind2=" " ind1=" " tag="042">
      <subfield code="a">dc</subfield>
   </datafield>
   <datafield ind2=" " ind1=" " tag="720">
      <subfield code="a">Vallduví, Enric</subfield>
      <subfield code="e">author</subfield>
   </datafield>
   <datafield ind2=" " ind1=" " tag="260">
      <subfield code="c">2025-04-30T15:15:39Z</subfield>
   </datafield>
   <datafield ind2=" " ind1=" " tag="260">
      <subfield code="c">2025-04-30T15:15:39Z</subfield>
   </datafield>
   <datafield ind2=" " ind1=" " tag="260">
      <subfield code="c">1993</subfield>
   </datafield>
   <datafield ind2=" " ind1=" " tag="520">
      <subfield code="a">Even though the relevance of non-truth conditional notions like ‘topic’ and ‘focus’ in sentence structure and interpretation has long been recognized, there is little agreement on the exact nature of these notions and their role in a model of linguistic competence. Following the information packaging approach (Chafe 1976, Prince 1986), this study argues that these notions are primitive elements in the informational component of language. This component, informatics, is responsible for the articulation of sentences qua information, where information is defined as that part of propositional content which constitutes a contribution of knowledge to the hearer's knowledge-store. Informational primitives combine into four possible distinct information packaging instructions, which direct hearers to retrieve the information of a sentence and enter it into their knowledge-store in a specific way. After a discussion of previous approaches to the informational articulation of the sentence, a hierarchical articulation is proposed: sentences are divided into the focus, which is the only information of the sentence, and the ground, which specifies how that information fits in the hearer's knowledge-store. The ground is further divided into the link, which denotes an address in the hearer's knowledge-store under which s/he is instructed to enter the information, and the tail, which provides further directions on how the information must be entered under a given address. Empirical support for this representation of information packaging comes especially from the surface encoding of instructions in Catalan, which is then contrasted with that of English. Using a multistratal syntactic theory, it is then proposed that information packaging is structurally and purely represented at the abstract level of IS, which acts as an interface with informatics. Finally, in order to further argue for informatics as an autonomous linguistic component, some proposals that attempt to include informational notions under logical semantics are reviewed and countered. This study is an effort to gain insight into one subdomain of pragmatics by integrating it into the larger process of language understanding. This is done by giving otherwise elusive informational notions a specific role in the component responsible for the entry of information into the hearer's knowledge-store.</subfield>
   </datafield>
   <datafield ind1="8" ind2=" " tag="024">
      <subfield code="a">http://hdl.handle.net/10230/70244</subfield>
   </datafield>
   <datafield tag="653" ind2=" " ind1=" ">
      <subfield code="a">Lingüística</subfield>
   </datafield>
   <datafield tag="653" ind2=" " ind1=" ">
      <subfield code="a">Estructura informativa oracional</subfield>
   </datafield>
   <datafield tag="653" ind2=" " ind1=" ">
      <subfield code="a">Contingut oracional i context</subfield>
   </datafield>
   <datafield ind2="0" ind1="0" tag="245">
      <subfield code="a">The informational component: Ph.D. dissertation</subfield>
   </datafield>
</record></metadata></record></GetRecord></OAI-PMH>